<?xml version="1.0" encoding="UTF-8"?>
<marc:record xmlns:marc="http://www.loc.gov/MARC21/slim">
   <marc:leader>00000nam a2200000 a 4500</marc:leader>
   <marc:datafield ind1="1" ind2=" " tag="100">
      <marc:subfield code="a">Wenz, Barbara</marc:subfield>
      <marc:subfield code="4">aut</marc:subfield>
      <marc:subfield code="e">Verfasser/-in</marc:subfield>
   </marc:datafield>
   <marc:datafield ind1=" " ind2=" " tag="653">
      <marc:subfield code="a">Religion</marc:subfield>
   </marc:datafield>
   <marc:datafield ind1=" " ind2=" " tag="653">
      <marc:subfield code="a">Katholische Kirche</marc:subfield>
   </marc:datafield>
   <marc:datafield ind1=" " ind2=" " tag="653">
      <marc:subfield code="a">Glaube</marc:subfield>
   </marc:datafield>
   <marc:datafield ind1="0" ind2="0" tag="245">
      <marc:subfield code="a">Konvertiten</marc:subfield>
   </marc:datafield>
   <marc:datafield ind1="0" ind2="0" tag="245">
      <marc:subfield code="b">Ergreifende Glaubenszeugnisse</marc:subfield>
   </marc:datafield>
   <marc:datafield ind1="0" ind2="0" tag="245">
      <marc:subfield code="c">Barbara Wenz</marc:subfield>
   </marc:datafield>
   <marc:datafield ind1=" " ind2="1" tag="264">
      <marc:subfield code="b">media maria</marc:subfield>
      <marc:subfield code="c">2016</marc:subfield>
   </marc:datafield>
   <marc:datafield ind1=" " ind2=" " tag="250">
      <marc:subfield code="a">1</marc:subfield>
   </marc:datafield>
   <marc:datafield ind1="1" ind2=" " tag="520">
      <marc:subfield code="a">Dieses Buch beschäftigt sich mit bekannten und weniger bekannten Konvertiten, die den Weg in die katholische Kirche gefunden haben teilweise unter unwahrscheinlichen, manchmal dramatischen Umständen. Takashi Nagai genügte ein Blick in die Augen seiner sterbenden Mutter, um den Glauben an Gott und an das ewige Leben zu finden. Clemens von Brentano veränderte die Begegnung mit der Seherin Anna Katharina Emmerick. Andere wiederum, wie der spätere Religionsphilosoph Sergej Bulgakow, wurden in einer bestimmten Minute ihres Lebens von der Herrlichkeit Seiner Schöpfung überwältigt, dass sie von da an unverrückbar glaubten. Barbara Wenz erzählt dem Leser die erstaunlichen, poetischen und ergreifenden Geschichten von Konvertiten wie Takashi Nagai, Clemens von Brentano, Thomas Merton und anderen.</marc:subfield>
   </marc:datafield>
   <marc:datafield ind1=" " ind2=" " tag="020">
      <marc:subfield code="a">9783945401224</marc:subfield>
      <marc:subfield code="9">9783945401224</marc:subfield>
   </marc:datafield>
   <marc:datafield ind1=" " ind2=" " tag="020">
      <marc:subfield code="a">3945401224</marc:subfield>
      <marc:subfield code="9">3945401224</marc:subfield>
   </marc:datafield>
   <marc:datafield ind1=" " ind2=" " tag="300">
      <marc:subfield code="a">160 S.</marc:subfield>
   </marc:datafield>
</marc:record>
